<?xml version="1.0" encoding="UTF-8"?>
<marc:record xmlns:marc="http://www.loc.gov/MARC21/slim">
   <marc:leader>00000nam a2200000 a 4500</marc:leader>
   <marc:datafield ind1="1" ind2=" " tag="100">
      <marc:subfield code="a">Klocke, Sandra</marc:subfield>
      <marc:subfield code="4">aut</marc:subfield>
      <marc:subfield code="e">Verfasser/-in</marc:subfield>
   </marc:datafield>
   <marc:datafield ind1="0" ind2="0" tag="245">
      <marc:subfield code="a">Lilli und das Drachenei</marc:subfield>
   </marc:datafield>
   <marc:datafield ind1="0" ind2="0" tag="245">
      <marc:subfield code="c">Sandra Klocke</marc:subfield>
   </marc:datafield>
   <marc:datafield ind1=" " ind2="1" tag="264">
      <marc:subfield code="a">Köln</marc:subfield>
      <marc:subfield code="b">Boje</marc:subfield>
      <marc:subfield code="c">2015</marc:subfield>
   </marc:datafield>
   <marc:datafield ind1="1" ind2=" " tag="520">
      <marc:subfield code="a">Angaben aus der Verlagsmeldung

Lilli und das Drachenei / von Sandra Klocke

Von knurrenden Kuckucksuhren, singenden Salzstreuern und Drachen, die aus Eiern schlüpfen: Am liebsten verbringt Lilli ihre Zeit in Theos magischem Zauberladen, wo sie dem launischen Hausschwein Ida Kunststücke beibringt. Doch an diesem Tag ist alles anders. Im nahegelegenen Wald findet Lilli ein riesiges Ei, das dort wie vergessen herumliegt. Schon bald schlüpft daraus ein echter Drache, und Lilli ist außer sich vor Freude: Endlich hat sie ihr eigenes Haustier - und ein ganz besonderes noch dazu! Denn Igor kann nicht nur sprechen und fliegen, sondern auch Feuer spucken. Da werden der blöden Benita, dieser Angeberin, vor Neid bestimmt die Augen aus dem Kopf fallen, denkt sich Lilli. Doch wer hätte gedacht, dass das Zusammenleben mit einem Drachen gar nicht so einfach ist, denn auch Feuerspucken will schließlich gelernt sein!
</marc:subfield>
   </marc:datafield>
   <marc:datafield ind1=" " ind2=" " tag="020">
      <marc:subfield code="a">9783414824264</marc:subfield>
      <marc:subfield code="9">9783414824264</marc:subfield>
   </marc:datafield>
   <marc:datafield ind1=" " ind2=" " tag="020">
      <marc:subfield code="a">3414824264</marc:subfield>
      <marc:subfield code="9">3414824264</marc:subfield>
   </marc:datafield>
   <marc:datafield ind1=" " ind2=" " tag="041">
      <marc:subfield code="a">ger</marc:subfield>
   </marc:datafield>
</marc:record>
